000 00507nam a2200181Ia 4500
001 50669
008 140502s9999 xx 000 0 und d
020 _a9780070590519
040 _cPK-LaUMT
082 _a 158.1
_bBRI-W
100 _aBrill, Pam
245 4 _aThe winner's way
_ba proven method for achieving your personal best in any situation
_cBrill, Pam
260 _aNew Delhi,India:
_bTata McGraw-Hill Publishing,
_c2004
300 _a306 p.
546 _aEN
650 _aPsychology
942 _cBK
999 _c48306
_d48306